000
00332 a2200145 4500
999
_c
12063
_d
12063
003
OSt
005
20231223131505.0
008
231223b ||||| |||| 00| 0 eng d
020
_a
978-0727733986
082
_a
725.2 CAB
100
_a
Cabe
245
_a
Better Places to Work
260
_b
Thomas Telford Ltd
_c
2005
942
_2
ddc